| 000 | 00413nam a2200181Ia 4500 | ||
|---|---|---|---|
| 005 | 20240823055714.0 | ||
| 008 | 240823s9999||||xx |||||||||||||| ||und|| | ||
| 041 | _aENGLISH | ||
| 082 | _A808.5 Q5 | ||
| 100 | _aPerumalsamy R | ||
| 245 | 0 | _aOF Education : Musings of RP | |
| 250 | _a1st | ||
| 260 |
_c2015 _bEmerald Publi |
||
| 500 | _aYES | ||
| 650 |
_aEducation _bGeneral |
||
| 942 | _cBK | ||
| 999 |
_c229416 _d229416 |
||